Diagnostika a monitorovanie sepsy

Bibliographic Details
Main Author: Záhorec, Roman, 1958- (Author)
Corporate Author: Cyrilometodský deň (Author)
Format: Conference Proceeding Article
Language:Slovak
ISSN:1335-7654
Subjects:

MARC

LEADER 00000nab a2200000 a 4500
001 vtls000793217
003 SK-MaSNL
005 20260304235443.0
008 180207c2001 xo 0 slo
015 |a SNBRB2002/06-18374 
035 |a CLN000144872 
040 |a SNKBUCL  |b slo  |c SNKBUCL  |e AACR2 
041 0 |a slo 
044 |a xo  |c SK 
080 |a 616.94-001.36:616.155  |2 1997 
100 1 |a Záhorec, Roman,  |d 1958-  |4 aut  |9 156868 
245 1 0 |a Diagnostika a monitorovanie sepsy  |c R. Záhorec 
650 0 7 |a sepsa  |2 SNKPH  |9 14471 
650 0 7 |a C-reaktívny proteín  |2 SNK  |9 851777 
650 0 7 |a leukocyty  |2 SNKPH  |9 16136 
650 0 7 |a agregácia trombocytov  |2 SNK  |9 1072957 
650 0 7 |a kalcitonín  |2 SNKPH  |9 14058 
650 0 7 |a diagnóza  |2 SNKPH  |9 2604 
650 0 7 |a abstrakty z kongresu  |2 SNKPH  |9 168204 
650 0 7 |a etiológia  |2 SNKPH  |9 20150 
650 0 7 |a patológia  |2 SNKPH  |9 900 
650 0 7 |a cytológia  |2 SNKPH  |9 1714 
650 0 7 |a genetika  |2 SNKPH  |9 698 
650 0 7 |a imunológia  |2 SNKPH  |9 51082 
655 7 |a články z novín a časopisov  |2 SNK  |9 267496 
711 1 |a Cyrilometodský deň  |n (1. :  |d 2001 :  |c Bratislava, Slovensko)  |4 aut  |9 22862 
773 0 |x 1335-7654  |t Speculum nostrum  |g Roč. 2, č. 3 (2001), s. 98 
850 |a Slovenská národná knižnica v Martine 
852 |a SNK  |b KIS3GCP 
958 |a MI 
958 |a RBX 
999 |c 3208939  |d 3210869